Loading...
| Philosophy | 0 | 12 | 1 | 1 | 115 | 45 | 94.58 | 2 | 4 | 0.00 | 0.00 |
| Literature - European | 0 | 10 | 0 | 2 | 100 | 74 | 121.00 | 0 | 1 | 0.00 | 0.00 |
| Fine Arts - Classical Music | 0 | 7 | 0 | 2 | 70 | 94 | 128.14 | 0 | 1 | 0.00 | 0.00 |
| History - Other | 0 | 6 | 0 | 1 | 60 | 62 | 102.50 | 1 | 2 | 0.00 | 0.00 |
| Literature - British | 0 | 6 | 1 | 0 | 55 | 34 | 107.67 | 1 | 2 | 0.00 | 0.00 |
| Fine Arts - Painting & Sculpture | 0 | 6 | 1 | 3 | 55 | 97 | 128.67 | 0 | 0 | 0.00 | 0.00 |
| Religion | 0 | 5 | 0 | 1 | 50 | 90 | 113.80 | 0 | 0 | 0.00 | 0.00 |
| Science - Chemistry | 0 | 5 | 0 | 2 | 50 | 96 | 112.20 | 0 | 0 | 0.00 | 0.00 |
| Literature - American | 0 | 6 | 2 | 3 | 50 | 126 | 145.83 | 0 | 0 | 0.00 | 0.00 |
| Social Science | 0 | 6 | 3 | 2 | 45 | 30 | 103.33 | 0 | 1 | 0.00 | 0.00 |
| Literature - World | 0 | 4 | 0 | 2 | 40 | 134 | 147.00 | 0 | 0 | 0.00 | 0.00 |
| History - European | 0 | 4 | 1 | 1 | 35 | 83 | 118.00 | 0 | 1 | 0.00 | 0.00 |
| Fine Arts - Other | 0 | 4 | 1 | 0 | 35 | 34 | 80.00 | 0 | 2 | 0.00 | 0.00 |
| History - American | 0 | 4 | 1 | 0 | 35 | 84 | 100.25 | 1 | 2 | 0.00 | 0.00 |
| Geography | 0 | 3 | 0 | 2 | 30 | 87 | 122.00 | 0 | 0 | 0.00 | 0.00 |
| Other Academic | 0 | 3 | 0 | 1 | 30 | 118 | 130.67 | 0 | 0 | 0.00 | 0.00 |
| History - World | 0 | 4 | 3 | 2 | 25 | 115 | 136.75 | 0 | 0 | 0.00 | 0.00 |
| Science - Other | 0 | 2 | 0 | 0 | 20 | 112 | 121.00 | 0 | 0 | 0.00 | 0.00 |
| Science - Physics | 0 | 3 | 2 | 1 | 20 | 126 | 137.00 | 0 | 0 | 0.00 | 0.00 |
| Mythology | 0 | 1 | 0 | 0 | 10 | 107 | 107.00 | 0 | 1 | 0.00 | 0.00 |
| Current Events | 0 | 1 | 0 | 0 | 10 | 78 | 78.00 | 1 | 1 | 0.00 | 0.00 |
| Science - Biology | 0 | 0 | 0 | 0 | 0 | 0.00 | 0 | 0 | 0.00 | 0.00 |